Most Populous Islands of the Aegean Sea - Statistics

General Stats
  • This quiz has been taken 69 times
  • The average score is 10 of 20
Answer Stats
Population Island % Correct
622,913 Crete
95%
115,490 Rhodes
89%
86,436 Lesbos
84%
191,206 Euboea
66%
17,970 Naxos
64%
51,390 Chios
62%
32,993 Samos
62%
33,388 Kos
59%
15,231 Santorini
57%
13,770 Thassos
56%
16,992 Lemnos
54%
10,110 Mykonos
52%
9,221 Andros
49%
13,715 Paros
46%
8,776 Imbros/Gökçeada
33%
8,636 Tinos
26%
16,001 Kalymnos
20%
39,283 Salamis
16%
21,505 Syros
16%
13,056 Aegina
13%
No matching quizzes found
Score Distribution
Percent of People with Each Score
Percentile by Number Answered
Your Score History
You have not taken this quiz